000 00923cam a2200289 4500
999 _c126296
_d126296
001 1238743
003 ARRUPE
005 20170316111934.0
008 700105s1969 enk b 001 0 eng
010 _a 70435234
015 _aB69-19267
020 _a0853911223
040 _aDLC
_cDLC
_dDLC
043 _ae-uk-en
050 0 0 _aDA690.M4
_bM45
082 0 0 _a942.07/3
100 1 _aMarlow, Joyce.
_929425
245 1 4 _aThe Peterloo massacre.
_cJoyce Marlow
260 _aLondon,
_bPanther Books,
_c1971.
300 _a255 p.
_c18 cm.
504 _aBibliography: p. [229]-232.
650 0 _aManchester, England
_xPeterloo Massacre
_929426
906 _a7
_bcbc
_corignew
_du
_encip
_f19
_gy-gencatlg
942 _2lcc
_cMONOGRAPH